Overwatch Characters Nationalities - Statistics

General Stats
  • This quiz has been taken 109 times
    95 since last reset
  • The average score is 26 of 39
Answer Stats
Heroes Nationality % Correct
Ashe United States
95%
Ana Egypt
92%
Cassidy United States
88%
Hanzo Japan
85%
Kiriko Japan
85%
Genji Japan
85%
Junker Queen Australia
83%
D.va South Korea
82%
Junkrat Australia
80%
Mei China
78%
Brigitte Sweden
78%
Lucio Brazil
77%
Reinhardt Germany
77%
Reaper United States
75%
Pharah Egypt
74%
Soldier: 76 United States
74%
Roadhog Australia
72%
Mauga Samoa
71%
Widowmaker France
69%
Baptiste Haiti
66%
Sombra Mexico
66%
Mercy Switzerland
66%
Tracer United Kingdom
66%
Doomfist Nigeria
65%
Symmetra India
63%
Zarya Russia
63%
Torbjörn Sweden
62%
Moira Ireland
58%
Sojourn Canada
54%
Sigma Netherlands
54%
Wrecking Ball The Moon
52%
Illari Peru
51%
Winston The Moon
51%
Zenyatta Nepal
49%
Orisa Numbani
46%
Lifeweaver Thailand
46%
Echo Singapore
45%
Ramattra Nepal
43%
Bastion Sweden
31%
No matching quizzes found
Score Distribution
Percent of People with Each Score
Percentile by Number Answered
Your Score History
You have not taken this quiz since the last reset